Air to Force - Statistics

General Stats
  • This quiz has been taken 17,338 times
  • The average score is 21 of 29
Answer Stats
Hint Answer % Correct
_____ Force air
100%
to give help aid
91%
auction house offer bid
86%
noise a gun makes (ADD 1 LETTER) bang
84%
holds groceries bag
83%
AIR ______ force
83%
this becomes a rose bud
82%
Red Hot Chili Peppers, for example band
81%
bomb that does not explode dud
79%
how a trench was made, yesterday dug
79%
not real fake
75%
used to clean things rag
74%
notable export of Persia rug
73%
snatch grab
70%
slang for food grub
70%
massage something (REMOVE 1 LETTER) rub
70%
What farmers put on cattle (ADD 1 LETTER) brand
69%
has a diploma (REMOVE 1 LETTER) grad
69%
elephants are killed for these tusk
69%
dice have 6 of these face
67%
make something yours take
67%
spectacular grand
66%
something to accomplish task
65%
exaggerated humor (ADD 1 LETTER) farce
63%
a particular scent musk
59%
"Dont ____ me bro" tase
50%
to feel regret or sorrow rue
49%
ponder or consider muse
46%
a trick (ADD 1 LETTER) ruse
46%
No matching quizzes found
Score Distribution
Percent of People with Each Score
Percentile by Number Answered
Your Score History
You have not taken this quiz